000 01731nam0a22003131 4500
001 v19\rc\1530400
005 20260406151834.0
035 _a(NLR Aleph) 005234394
090 _a5638959
_c5638959
100 _a20060620e18871887|||y0rusy50 ca
101 0 _arus
102 _aRU
105 _ay z |||h|
200 1 _aОткрытие бюста В.А. Жуковского в Городском Александровском саду 4-го июня 1887 года
_e(Речь гор. Головы, В.И. Лихачева, в собр. С.-Петерб. гор. думы 3 июня 1887 г.)
210 _aСанкт-Петербург
_cтип. Шредера
_d[1887]
215 _a5 с.
_d24
309 _aБез тит. л. и обл.
311 _aОтт. из "Изв. С.-Петерб. гор. думы". 1887, № 25
488 0 _12001#$aИзвестия Санкт-Петербургской городской думы$v1887, № 25
_tИзвестия Санкт-Петербургской городской думы
532 1 0 _aОткрытие бюста Василия Андреевича Жуковского в Городском Александровском саду 4-го июня 1887 года
700 1 _7ca
_8rus
_aЛихачев
_bВ. И.
_cюрист
_f1837-1906
_gВладимир Иванович
_964248
_3RU\NLR\AUTH\7781320
702 1 _4570
_7ca
_8rus
_aЖуковский
_bВ. А.
_cпоэт
_f1783-1852
_gВасилий Андреевич
_9115493
_3RU\NLR\AUTH\775529
801 2 _aRU
_bNLR
_c20071218
_2rusmarc
801 0 _aRU
_bNLR
_c20060620
_gpsbo
801 0 _aRU
_bRuMoRGB
_c20060620
_2psbo
801 1 _aRU
_bProSoft-M
_c20060620
_2rusmarc
852 _aNLR
_j18.180.1.896
942 _cBOOK
980 _aNB